书目信息 |
| 题名: |
怎样当一名科学家
|
|
| 作者: | ;曹莉 译 ;美国科学、工程与公共政策委员会 著 | |
| 分册: | ||
| 出版信息: | 北京 中国科学技术出版社 2014.05 |
|
| 页数: | 60页 | |
| 开本: | 23cm | |
| 丛书名: | ||
| 单 册: | ||
| 中图分类: | G316 | |
| 科图分类: | ||
| 主题词: | 科学工作者--职业道德 , 科学工作者 , 职业道德 | |
| 电子资源: | ||
| ISBN: | 978-7-5046-6604-8 | |
| 000 | 01203nam0 2200301 450 | |
| 001 | 0120141336399 | |
| 005 | 20160606170312.31 | |
| 010 | @a978-7-5046-6604-8@dCNY16.00 | |
| 100 | @a20140808d2014 em y0chiy0110 ea | |
| 101 | 1 | @achi@ceng |
| 102 | @aCN@b110000 | |
| 105 | @ay z 000yy | |
| 106 | @ar | |
| 200 | 1 | @a怎样当一名科学家@9zen yang dang yi ming ke xue jia@e科学研究中的负责行为@f美国科学、工程与公共政策委员会著@g曹莉译 |
| 210 | @a北京@c中国科学技术出版社@d2014.05 | |
| 215 | @a60页@d23cm | |
| 305 | @a据原书第3版译出 由美国科学院出版社授权出版 | |
| 330 | @a本书主要内容包括:科研建议和指导;数据处理;错误和过失;科研不端行为;对涉嫌违背职业规范的回应;以人和动物为受试对象;科研中的实验室安全等。 | |
| 333 | @a研究生,刚从事科研工作的研究人员及处于科学事业不同阶段的所有科学家 | |
| 517 | 1 | @a科学研究中的负责行为@9ke xue yan jiu zhong de fu ze xing wei |
| 606 | 0 | @a科学工作者@x职业道德 |
| 606 | 0 | @a科学工作者 |
| 606 | 0 | @a职业道德 |
| 690 | @aG316@v5 | |
| 702 | 0 | @a曹莉@9cao li@4译 |
| 711 | 02 | @a美国科学、工程与公共政策委员会@9mei guo ke xue 、 gong cheng yu gong gong zheng ce wei yuan hui@4著 |
| 801 | 0 | @aCN@b人天书店@c20140808 |
| 905 | @b878434-39@dG316@e25@f6 | |
| 怎样当一名科学家:科学研究中的负责行为/美国科学、工程与公共政策委员会著/曹莉译.-北京:中国科学技术出版社,2014.05 |
| 60页;23cm |
| 使用对象:研究生,刚从事科研工作的研究人员及处于科学事业不同阶段的所有科学家 |
| ISBN 978-7-5046-6604-8:CNY16.00 |
| 本书主要内容包括:科研建议和指导;数据处理;错误和过失;科研不端行为;对涉嫌违背职业规范的回应;以人和动物为受试对象;科研中的实验室安全等。 |
| ● |
| 相关链接 |
|
|
|
|
正题名:怎样当一名科学家
索取号:G316/25
 
预约/预借
| 序号 | 登录号 | 条形码 | 馆藏地/架位号 | 状态 | 备注 |
| 1 | 878434 | 208784341 | 第一样本阅览室/ [索取号:G316/25] | 在馆 | |
| 2 | 878435 | 208784350 | 教育系资料室/ [索取号:G316/25] | 在馆 | |
| 3 | 878436 | 208784369 | 教育系资料室/ [索取号:G316/25] | 在馆 | |
| 4 | 878437 | 208784378 | 教育系资料室/ [索取号:G316/25] | 在馆 | |
| 5 | 878438 | 208784387 | 第四借阅区/ [索取号:G316/25] | 在馆 | |
| 6 | 878439 | 208784396 | 第四借阅区/ [索取号:G316/25] | 在馆 |